000 01302nam0a2200349 4500
001 RU\NLR\BIBL_A\012436326
005 20210203164753.0
010 _a978-5-907085-97-8
_91000
021 _aRU
_bКН-П-20-056822
_9КН-П-20-4236
035 _a(NLR Aleph) 012436326
035 _a(RuMoRGB)010439476
090 _a11902374
_c11902374
100 _a20210120d2020 u y0rusy50 ca
101 1 _arus
_cfre
102 _aRU
105 _ay|||z|||000 y
181 0 _ai
_baxxe
182 0 _an
200 1 _aЧто такое любовь и другие микроновеллы
_e[сборник]
_fРежис Жоффре
_g[перевод с французского Марии Троицкой]
203 _aТекст
_bвизуальный
_cнепосредственный
210 _aМосква
_cГородец
_d2020
215 _a124, [3] с.
_d18
225 1 _aКоллекция Бегбедера
333 _a18+
686 1 _aШ6(4Фр)67-440.5{Лх1649-80}
700 1 _7ca
_8rus
_aЖоффре
_bР.
_f1955-
_gРежис
_9177792
_3RU\NLR\AUTH\770177843
942 _cBOOK
980 _aNBR
980 _aNB